[Event "Mlada Boleslav Region-ch U12"]
[Site "Mlada Boleslav"]
[Date "2017.06.24"]
[Round "2"]
[White "Vesely, Jan"]
[Black "Paterova, Lucie"]
[Result "1-0"]
[WhiteElo "1209"]
[BlackElo "1000"]
[PlyCount "91"]
[EventDate "2017.06.24"]
[EventType "swiss"]
[EventRounds "7"]
[EventCountry "CZE"]
[SourceTitle "CBM 179 Extra"]
[Source "ChessBase"]
[SourceDate "2017.08.23"]
[SourceVersion "1"]
[SourceVersionDate "2017.08.23"]
[SourceQuality "1"]

1. e4 e5 2. Nf3 Nc6 3. Nc3 Nf6 4. Bb5 Bc5 5. d3 0-0 6. Bg5 d6 7. Nd5 Bg4 8. Bxc6 bxc6 9. Nxf6+ gxf6 10. Bh6 Re8 11. 0-0 Rb8 12. Rb1 Bd4 13. b3 d5 14. Re1 Bc3 15. Re2 dxe4 16. Rxe4 f5 17. Re2 e4 18. Kh1 exf3 19. Rxe8+ Qxe8 20. gxf3 Bh3 21. Qg1+ Kh8 22. d4 Bxd4 23. Rd1 Bc3 24. Qg3 Bg4 25. Rg1 Qe6 26. Qxc7 Rg8 27. fxg4 Qxh6 28. Qxf7 f4 29. g5 Rxg5 30. Qe8+ Kg7 31. Qe7+ Kg6 32. Qe8+ Kf5 33. Qf7+ Ke4 34. Qe7+ Be5 35. Qxg5 Qh3 36. Qg2+ Qf3 37. Re1+ Kd4 38. Qxf3 Kc5 39. Rxe5+ Kd4 40. Qe2 Kc3 41. Qc4+ Kb2 42. Ra5 Kc1 43. c3 Kb1 44. Qe2 Kc1 45. Rg5 Kb1 46. Rg1# 1-0